000 00627nam a22002057a 4500
003 OSt
005 20140310183037.0
008 130219t xxu||||| |||| 00| 0 eng d
020 _a9710858998
050 _aKF 5625.5
_b.N793 1995
082 _aFIL 346
_bN72 1995
245 _a3 basic commercial laws with introductory features
_bCorporation code, insurance code, negotiable instruments law
_cNolledo, Jose N.
260 _aMetro Manila,
_bNational Bookstore, Inc. ,
_c1995
300 _a310 p
_c22 cm.
521 _acollege students
526 _c1210L-1700L
541 _j1
562 _e1
942 _2lcc
_cBK
_kFIL
999 _c18497
_d18497